000 01029nas a2200289 4500
001 BR8500198
003 BR-BrBNA
005 20231205090051.0
007 ta
008 230509b bl.|||p| |||| 00| 00por d
040 _aBR-BrBNA
_bpor
_cBiblioteca Nacional de Agricultura
041 _a(Pt)
072 _aL73; L10
100 1 _aGouveia, A.M.G.
100 1 _aGomez, M.C.
100 1 _aReis, R.
245 1 _aAlteracoes reprodutivas e prevalencia de anticorpos inibidores da hemoaglutinacao para o parvovirus suino no estado de Minas Gerais [Brasil]
246 1 _aReproductive changes and prevalence of hemagglutination inhibiting antibodies to porcine parvovirus in Minas Gerais state [Brazil]
650 _aSUÍNO
650 _aVIRUS
650 _aANTICORPO
650 _aINIBIDOR DA HEMOAGLUTINACAO
650 _aMINAS GERAIS
773 0 _tPesquisa Veterinaria Brasileira (Brazil)
_xISSN 0100-736X
_g(Jan 1984), v. 4(1) p. 17-22
_wBR8500198
909 _a202311
_bLúcia
_c55
_dLúcia Elande
942 _2AGRIS
_n0
_cANA
999 _c115928
_d115928